Родословные таблицы Шереметевых, Романовых, Нарышкиных и другое, и заметки о роде Шереметевых

Доступно только в Электронных читальных залах Найти на картеНа карте
RUSMARC
00003669nmc2a22002413x 450
001739b98a3-873e-4075-ab7a-7198906fc26d
00520230906005721.0
100##$a20230117l17761825k l0rusy0189 ca
1010#$arus
102##$aRU
105##$aj###
1222#$ad
2001#$aРодословные таблицы Шереметевых, Романовых, Нарышкиных и другое, и заметки о роде Шереметевых
$jконец 18 в. - начало 19 в.
215##$a20 л.
$cгенеалог. табл.
$d80х60,5 см
251##$cДело
300##$aМатериалы к истории рода
371##$aДокумент не является опубликованным и широко распространяемым
461#0$100198b93a77-94f0-46bb-a7e0-b5027cc72a67
$12001
$aШереметевы, графы
$1251
$cФонд
$1852
$j1088
462#0$1001d3ce280e-361b-49f4-86d2-e1a120f828b4
$12001
$aЛичные документы, переписка и документы, связанные со служебной и общественной деятельностью графов Бориса Петровича, Петра Борисовича, Николая Петровича и Дмитрия Шереметевых
$1251
$cОпись
$1852
$j1
801#0$aRU
$bРГИА
$c20230117
$gRCR
801#1$aRU
$bГлавНИВЦ
$c20230117
$2rusmarc
801#2$aRU
$bПБ им. Б.Н. Ельцина
$c20230906
$gRCR
$2rusmarc
850##$aРГИА
852##$aРГИА
$eФедеральное казенное учреждение "Российский государственный исторический архив" (РГИА)
$j3
937##$hРГИА
$d12391090
$aASBIBLIO_SCAN
035##$aRusGRCC00059732
856##$uhttp://readingroom.main.prlib.ru/item.aspx?id_node=n187380624&mode=full
Формат отображения